|
|
|
|
| LEADER |
00000nas a22000001a 4500 |
| 001 |
vtls010299696 |
| 003 |
SK-MaSNL |
| 005 |
20260228162951.0 |
| 008 |
110810c1960uuuuxo wr p r 0 b0hun |
| 015 |
|
|
|a SNBDS17XX9999
|
| 015 |
|
|
|a 0281
|2 Balúnová 1945-60
|
| 015 |
|
|
|a 0128
|2 Janů 1961-66
|
| 038 |
|
|
|a SNKBUDS
|
| 040 |
|
|
|a SNK
|b slo
|c SNK
|e AACR2
|
| 041 |
0 |
|
|a hun
|
| 044 |
|
|
|a xo
|c SK
|
| 080 |
|
|
|a 63
|2 2001
|
| 245 |
0 |
0 |
|a Építő
|b Járási újság. A SZLKP Rim. Sobotai JB és a JNB lapja
|
| 246 |
1 |
|
|a Budovateľ
|f 7/I 1960-33/I 1960
|
| 250 |
|
|
|a Maďarská mutácia
|
| 260 |
|
|
|a Rimavská Sobota
|b OV KSS v Rimavskej Sobote
|b ONV v Rimavskej Sobote
|c 1960-
|
| 300 |
|
|
|a roč.
|c 43 x 31 cm
|
| 310 |
|
|
|a 1x týždenne
|
| 362 |
0 |
|
|a Roč. I, č. 7 (17.5.1960)-
|
| 500 |
|
|
|a Vych. v Rimavskej Sobote týždenne vo formáte 43 x 31 cm, od 1/I (1961) 42,5 x 30 cm
|
| 500 |
|
|
|a Ved. red. Vojtech Fábryod, od 51-52/V (1964) sa neuvádza, od 39/VI (1965) Ladislav Bednárik. Red. Ladislav Bednárik, od 51-52/V (1964) Elena Rezníková, od 39/VI (1965) Elena Rezníková a Zoltán Kováč. Zodp. red. Ladislav Bednárik od 51-52/V (1964), od 39/VI (1965) sa neuvádza
|
| 500 |
|
|
|a Vyd. OV KSS a ONV v Rimavskej Sobote
|
| 500 |
|
|
|a Tlač. Tlačiarne SNP, n. p., prev. v Lučenci, od 2/V (1964) Tlačiarne SNP, Rimavská Sobota, od 33/V (1964) a v 28/VI (1965) Tlačiarne SNP, Lučenec
|
| 500 |
|
|
|a Maďarská mutácia novín Budovateľ- Építő; vych. od č. 7/I (17. mája 1960), predtým spoločne so základným časopisom
|
| 505 |
8 |
0 |
|g Roč. I. 1960 33 č. po 4 s.
|
| 505 |
8 |
0 |
|g Roč. II. 1961 51 č. po 4 - 6 s.
|
| 505 |
8 |
0 |
|g Roč. III. 1962 51 č.
|
| 505 |
8 |
0 |
|g Roč. IV. 1963 52 č.
|
| 505 |
8 |
0 |
|g Roč. V. 1964 52 č. po 4 - 6 s.
|
| 505 |
8 |
0 |
|g Roč. VI. 1965 52 č. po 4 - 6 s.
|
| 525 |
|
|
|a Príl. A SZLKP 1964 március 14 - én és 15 - én Rimaszombatban tartott Járási konferenciájának határozata k č. 12, roč. V. (1964) - 8 s.
|
| 650 |
0 |
7 |
|a poľnohospodárstvo
|2 SNKPH
|9 679
|
| 650 |
0 |
7 |
|a roľníctvo
|2 SNKBUDS
|9 265959
|
| 655 |
|
7 |
|a regionálne poľnohospodárske časopisy
|2 SNKBUDS
|9 268861
|
| 700 |
1 |
|
|a Fábry, Vojtech
|4 pbd
|9 271964
|
| 700 |
1 |
|
|a Bednárik, Ladislav
|4 red
|4 pbd
|9 269121
|
| 700 |
1 |
|
|a Rezníková, Elena
|4 red
|9 271965
|
| 700 |
1 |
|
|a Kováč, Zoltán
|4 red
|9 272643
|
| 710 |
2 |
|
|a Komunistická strana Slovenska.
|b Okresný výbor Rimavská Sobota
|9 226600
|
| 710 |
1 |
|
|a Rimavská Sobota (Slovensko).
|b Okresný národný výbor
|9 213339
|
| 710 |
2 |
|
|a Tlačiarne SNP (Martin, Slovensko).
|b Prevádzka Lučenec
|9 272214
|
| 710 |
2 |
|
|a Tlačiarne SNP (Martin, Slovensko).
|b Prevádzka Rimavská Sobota
|4 prt
|9 272644
|
| 775 |
0 |
|
|t Budovateľ- Építő
|
| 852 |
|
|
|a SNK
|b 10000
|h ČSA 580
|
| 852 |
|
|
|a SNK
|b 10000
|h ČSA 678
|
| 852 |
|
|
|a UKB
|b 300000
|h SB 1537
|
| 852 |
|
|
|a UKB
|b 300000
|h 20 B 1257
|
| 852 |
|
|
|a SVKKK
|b 900000
|h E 442
|
| 999 |
|
|
|c 8655
|d 10585
|